Normal view
MARC view
Entry Personal Name
001 - CONTROL NUMBER
- control field: 23610
003 - CONTROL NUMBER IDENTIFIER
- control field: OSt
005 - DATE AND TIME OF LATEST TRANSACTION
- control field: 20210319112026.0
008 - FIXED-LENGTH DATA ELEMENTS
- fixed length control field: 210319|| aca||aabn | a|a d
040 ## - CATALOGING SOURCE
- Original cataloging agency: OSt
- Transcribing agency: OSt
100 ## - HEADING--PERSONAL NAME
- Personal name: Warsen, Rianne et al
670 ## - SOURCE DATA FOUND
- Source citation: Work cat.: (OSt)515068: Warsen, Rianne et al , How do professionals perceives the governance of public - private partnership? Evidence from Canada, the Netherlands and Denmark
